000 00833nam a2200205Ii 4500
003 JO-AjNU
008 230605s9999||||xx |||||||||||||| ||und||
040 _aJO-AjNU
_bara
_erda
_cJO-AjNU
041 _aara
050 1 4 _aPJ6069 2005
100 3 _aتاليف حسن البجة،عبد الفتاح,
_eauthor
_923871
245 0 0 _aأساليب تدريس مهارات اللغة العربية وآدابها
250 _aط2
264 3 1 _aالعين: دار الكتاب الجامعي، 2005
300 _a423ص، ملاحق (425-496)
336 _atext
_btxt
_2rdacontent
337 _aunmediated
_bn
_2rdamedia
338 _avolume
_bnc
_2rdacarrier
650 4 _aمهارات الاستماع-مهارات الحديث-الادب-اساليب تدريس-اللغة العربية-مهارات اللغة العربية
_923872
999 _aA8705
_c12273
_d12273